Fr. Conceicao Rodrigues College of Engineering

Modern control engineering (Record no. 29326)

MARC details
000 -LEADER
fixed length control field 00388nam a2200181Ia 4500
082 ## - DEWEY DECIMAL CLASSIFICATION NUMBER
Classification number 629.8
Item number OGA
100 ## - MAIN ENTRY--PERSONAL NAME
Personal name Ogata/Katsuhiko
250 ## - EDITION STATEMENT
Edition statement 5
245 ## - TITLE STATEMENT
Title Modern control engineering
260 ## - PUBLICATION, DISTRIBUTION, ETC.
Name of publisher, distributor, etc. Pearson Education
Date of publication, distribution, etc. 2017
366 ## - TRADE AVAILABILITY INFORMATION
Publishers's discount category 20
300 ## - PHYSICAL DESCRIPTION
Extent 904
546 ## - LANGUAGE NOTE
Language note ENGLISH
650 ## - SUBJECT ADDED ENTRY--TOPICAL TERM
Topical term or geographic name entry element Control Engineering
654 ## - SUBJECT ADDED ENTRY--FACETED TOPICAL TERMS
Focus term control engineering
942 ## - ADDED ENTRY ELEMENTS (KOHA)
Koha item type BOOK
Holdings
Withdrawn status Lost status Damaged status Not for loan Collection Home library Current library Date acquired Source of acquisition Cost, normal purchase price Inventory number Total Checkouts Full call number Barcode Date last seen Cost, replacement price Price effective from Koha item type Date last checked out
        CRC Fr. Agnel's C.Rodrigues College of Engineering AGNEL TECHNICAL COLLEGE LIBRARY 17/03/2023 Allied Publisher 523.20 791 dt 04.12.2017 2 629.8 OGA 24986 11/09/2025 654.00   BOOK 01/09/2025
        CRC Fr. Agnel's C.Rodrigues College of Engineering Fr. Agnel's C.Rodrigues College of Engineering 17/03/2023 Allied Publisher 523.20 791 dt 04.12.2017   629.8 OGA 24983 17/03/2023 654.00   BOOK  
        CRC Fr. Agnel's C.Rodrigues College of Engineering Fr. Agnel's C.Rodrigues College of Engineering 17/03/2023 Allied Publisher 523.20 791 dt 04.12.2017   629.8 OGA 24984 17/03/2023 654.00   BOOK  
        CRC Fr. Agnel's C.Rodrigues College of Engineering Fr. Agnel's C.Rodrigues College of Engineering 17/03/2023 Allied Publisher 523.20 791 dt 04.12.2017   629.8 OGA 24985 17/03/2023 654.00   BOOK  
        CRC Fr. Agnel's C.Rodrigues College of Engineering Fr. Agnel's C.Rodrigues College of Engineering 17/03/2023 Allied Publisher 523.20 791 dt 04.12.2017   629.8 OGA 24987 17/03/2023 654.00   BOOK